Monografía paleontológica del piso áptico de Tortosa, Chert, y Benifazá / (Record no. 189321)

MARC details
000 -LEADER
campo de control de longitud fija 01029nam a2200217 i 4500
001 - NÚMERO DE CONTROL
campo de control 189321
003 - IDENTIFICADOR DE NÚMERO DE CONTROL
campo de control ES-MaACL
005 - FECHA Y HORA DE LA ÚLTIMA TRANSACCIÓN
campo de control 20250805063327.0
008 - DATOS DE LONGITUD FIJA--INFORMACIÓN GENERAL
campo de control de longitud fija 190523s1872 sp |||| | spa d
100 1# - ENTRADA PRINCIPAL--NOMBRE DE PERSONA
Nombre de persona Landerer, José J.,
Fechas asociadas al nombre 1841-1922
9 (RLIN) 128656
245 10 - MENCIÓN DEL TÍTULO
Título Monografía paleontológica del piso áptico de Tortosa, Chert, y Benifazá /
Mención de responsabilidad, etc. por José J. Landerer.
260 ## - PUBLICACIÓN, DISTRIBUCIÓN, ETC.
Lugar de publicación, distribución, etc. Tortosa :
Nombre del editor, distribuidor, etc. [s.n.],
Fecha de publicación, distribución, etc. 1872 (
Fabricante Imp. D. Llasat)
300 ## - DESCRIPCIÓN FÍSICA
Extensión 55 p., [8] h. de lám. ;
Dimensiones 22 cm.
530 ## - NOTA DISPONIBLE DE FORMULARIO FÍSICO ADICIONAL
Nota de formato físico adicional disponible Disponible en formato digital.
650 #4 - PUNTO DE ACCESO ADICIONAL DE MATERIA--TÉRMINO DE MATERIA
Término de materia o nombre geográfico como elemento de entrada Paleontología-
Subdivisión geográfica Tortosa.
9 (RLIN) 167090
650 #4 - PUNTO DE ACCESO ADICIONAL DE MATERIA--TÉRMINO DE MATERIA
Término de materia o nombre geográfico como elemento de entrada Paleontología-
Subdivisión geográfica Chert.
9 (RLIN) 167091
650 #4 - PUNTO DE ACCESO ADICIONAL DE MATERIA--TÉRMINO DE MATERIA
Término de materia o nombre geográfico como elemento de entrada Paleontología-
Subdivisión geográfica La Pobla de Benifassà.
9 (RLIN) 167092
852 ## - LOCALIZACIÓN
Ubicación ES-MaACL
Número de control de estantería B-8926(10)
Nota libre .- Legado de Federico de Botella y de Hornos
-- .- Encuadernado en un vol. facticio agrupado con el nombre en el lomo: España, geología, memorias y documentos varios 20 al 40
856 ## - LOCALIZACIÓN Y ACCESO ELECTRÓNICOS
Identificador Uniforme de Recursos <a href="http://bdh-rd.bne.es/viewer.vm?id=0000076054&page=1 ">http://bdh-rd.bne.es/viewer.vm?id=0000076054&page=1 </a>
Nota pública Biblioteca Digital Hispánica
Holdings
Estatus retirado Estado de pérdida Estado de daño No para préstamo Colección Biblioteca de origen Biblioteca actual Ubicación en estantería Fecha de adquisición Fuente de adquisición Total de préstamos Signatura topográfica completa Código de barras Visto por última vez Precio de reemplazo Tipo de ítem Koha
        Colección digital Biblioteca del Ateneo de Madrid Biblioteca del Ateneo de Madrid Sala Pardo Bazán 23/05/2019     B-8926(10) 1200587 23/02/2023 23/02/2023 Libro impreso antiguo